Comparison of Sources Healthcare Financing in Europe and Selected Countries Through Panel Data Analysis
Analýza výdavkov na zdravotnú starostlivosť v krajinách Európskej únie. Vplyv zmeny HDP na obyvateľa na zmenu ukazovateľov financovania zdravotnej starostlivosti.
Gespeichert in:
| 1. Verfasser: | |
|---|---|
| Format: | Buchkapitel |
| Sprache: | Englisch |
| Schlagworte: | |
| Tags: |
Keine Tags, Fügen Sie das erste Tag hinzu!
|
MARC
| LEADER | 00000naa a2200000 4500 | ||
|---|---|---|---|
| 001 | 0256821 | ||
| 005 | 20220718122824.9 | ||
| 041 | 0 | |a eng | |
| 044 | |a SK | ||
| 245 | 1 | 0 | |a Comparison of Sources Healthcare Financing in Europe and Selected Countries Through Panel Data Analysis |c Igor Petruška |
| 520 | |a Analýza výdavkov na zdravotnú starostlivosť v krajinách Európskej únie. Vplyv zmeny HDP na obyvateľa na zmenu ukazovateľov financovania zdravotnej starostlivosti. | ||
| 610 | 2 | 0 | |a analýza regresná |
| 610 | 2 | 0 | |a zdroje finančné |
| 610 | 2 | 0 | |a starostlivosť o zdravie |
| 610 | 2 | 0 | |a Európska únia |
| 610 | 2 | 0 | |a Slovensko |
| 610 | 2 | 0 | |a ukazovatele makroekonomické |
| 610 | 2 | 0 | |a analýza dát panelových |
| 100 | 1 | |a Petruška, Igor | |